Fundamentals of managerial finance

Bibliographic Details
Main Author: Neveu, Raymond P
Format: Book
Published: Ohio : South-Western Publishing Co. , 1985
Edition:2d Edition
Subjects:

MARC

LEADER 00000cam a2200000 7i4500
001 0000008375
002 000009130
005 20000330.0
020 |a 0538061103 
090 0 0 |a 658.15   |b NEV 
100 1 |a Neveu, Raymond P 
245 1 0 |a Fundamentals of managerial finance   |c Raymond P.Neveu 
250 |a 2d Edition 
260 |a Ohio :   |b South-Western Publishing Co. ,   |c 1985 
300 |a 722p. :   |b ill ;   |c 23cm. 
650 0 0 |a Corporations   |x Finance 
999 |a 020807   |b BUKU   |c PINJAMAN   |e PERPUSTAKAAN KOMUNITI PETALING JAYA 
999 |a 020809   |b BUKU   |c PINJAMAN   |e PERPUSTAKAAN KOMUNITI PETALING JAYA